Villes du Monde en G (Facile) - Statistiques

Statistiques générales
  • Ce quiz a été pris 229 fois
  • Le résultat moyen est 10 sur 15
Statistiques - réponses
Hint Réponse % Correct
Capitale d'Amérique Centrale du même nom que son pays Guatemala
92%
Grande ville de la Suisse francophone Genève
91%
Ville souvent considérée à tort comme la capitale de l'Ecosse Glasgow
86%
Ville britannique perdue en Espagne Gibraltar
79%
Ville du sud de la France renommée "Grelibre" lors de la Révolution Française Grenoble
77%
Ville bretonne de l'En Avant Guingamp
73%
Dernier bastion des Maures en Andalousie Grenade
72%
Ville de 290 000 habitants dans l'Est de l'Autriche Graz
67%
Célèbre ville d'origine de Christophe Colomb Gênes
65%
Capitale du Guyana Georgetown
65%
Ville des Alpes-Maritimes réputée pour son parfum Grasse
59%
Grande ville belge où est né Charles Quint Gand
57%
Ville chinoise également appelée Canton Guangzhou
52%
Nouvelle capitale du Burundi Gitega
49%
Ville américaine où se tint la plus célèbre bataille de la Guerre de Sécession Gettysburg
24%
Aucun quiz correspondant
Distribution des résultats
% des personnes avec chaque résultat
Percentile par nombre de réponses
Votre historique - résultats
Vous n’avez pas pris ce quiz